[Event "DEN-ch"]
[Site "Svendborg"]
[Date "2025.04.18"]
[Round "7"]
[White "Pilgaard, Kim"]
[Black "Olsen, Filip Boe"]
[Result "0-1"]
[WhiteElo "2361"]
[BlackElo "2447"]
[PlyCount "42"]
[EventDate "2025.04.12"]
[EventType "tourn"]
[EventRounds "9"]
[EventCountry "DEN"]
[EventCategory "7"]
[SourceTitle "CB17_2025"]
[SourceDate "2025.04.23"]
[SourceVersion "1"]
[SourceVersionDate "2025.04.23"]
[SourceQuality "1"]

1. d4 Nf6 2. Nf3 d5 3. g3 c5 4. Bg2 cxd4 5. 0-0 h6 6. b3 h5 7. Qxd4 Nc6 8. Qf4 h4 9. gxh4 Rh5 10. Bb2 e5 11. Nxe5 Qc7 12. Nd3 Bd6 13. Qe3+ Be6 14. h3 0-0-0 15. f4 Rxh4 16. Nd2 Rdh8 17. Rf3 d4 18. Bxd4 Nd5 19. Qf2 Nxd4 20. Qxd4 Nxf4 21. Qf2 Nxg2 0-1

[Event "DEN-ch"]
[Site "Svendborg"]
[Date "2025.04.14"]
[Round "3"]
[White "Pilgaard, Kim"]
[Black "Nielsen, Viktor Haarmark"]
[Result "1/2-1/2"]
[WhiteElo "2361"]
[BlackElo "2350"]
[PlyCount "48"]
[EventDate "2025.04.12"]
[EventType "tourn"]
[EventRounds "9"]
[EventCountry "DEN"]
[EventCategory "7"]
[SourceTitle "CB17_2025"]
[SourceDate "2025.04.23"]
[SourceVersion "1"]
[SourceVersionDate "2025.04.23"]
[SourceQuality "1"]

1. d4 Nf6 2. c4 e6 3. Nc3 d5 4. cxd5 Nxd5 5. e4 Nxc3 6. bxc3 c5 7. Nf3 cxd4 8. cxd4 Bb4+ 9. Bd2 Bxd2+ 10. Qxd2 0-0 11. Bc4 Nd7 12. 0-0 b6 13. Rfe1 Bb7 14. a4 Qc7 15. Bd3 Rfc8 16. Rec1 Qd8 17. Rcb1 Nf6 18. Qe1 Qc7 19. Qe3 h6 20. h3 Qc3 21. Rc1 Qb4 22. Rcb1 Qc3 23. Rc1 Qb4 24. Rcb1 Qc3 1/2-1/2

[Event "DEN-chT 2223 60th"]
[Site "Denmark"]
[Date "2023.03.26"]
[Round "9.2"]
[White "Pilgaard, Kim"]
[Black "Olsen, Filip Boe"]
[Result "0-1"]
[WhiteElo "2379"]
[BlackElo "2433"]
[PlyCount "66"]
[EventDate "2022.10.29"]
[EventType "team-tourn"]
[EventRounds "9"]
[EventCountry "DEN"]
[SourceTitle "CBM 213 Extra"]
[Source "ChessBase"]
[SourceDate "2023.05.31"]
[SourceVersion "1"]
[SourceVersionDate "2023.05.31"]
[SourceQuality "1"]
[WhiteTeam "Bronshoj"]
[BlackTeam "Skanderborg Nordea"]
[WhiteTeamCountry "DEN"]
[BlackTeamCountry "DEN"]

1. d4 Nf6 2. c4 e6 3. Nc3 Bb4 4. e3 0-0 5. Nge2 Re8 6. a3 Bf8 7. Ng3 d5 8. Be2 b6 9. cxd5 exd5 10. 0-0 Bb7 11. b4 Nbd7 12. Bb2 c6 13. Qb3 a5 14. bxa5 Rxa5 15. a4 Qa8 16. Rfb1 Ba6 17. Bf3 Bc4 18. Qc2 Qa6 19. Rd1 b5 20. axb5 cxb5 21. e4 dxe4 22. Ncxe4 Nxe4 23. Nxe4 Rxa1 24. Rxa1 Qg6 25. Qb1 Nb6 26. Nc5 Qxb1+ 27. Rxb1 Na4 28. Nxa4 bxa4 29. Bc3 a3 30. Rb7 a2 31. Ra7 Rb8 32. Rb7 Ra8 33. Ba1 Re8 0-1

[Event "La Roda op 46th"]
[Site "La Roda"]
[Date "2019.04.21"]
[Round "8"]
[White "Pilgaard, Kim"]
[Black "Grachev, Boris V"]
[Result "0-1"]
[WhiteElo "2418"]
[BlackElo "2618"]
[PlyCount "72"]
[EventDate "2019.04.17"]
[EventType "swiss"]
[EventRounds "9"]
[EventCountry "ESP"]
[SourceTitle "CBM 189 Extra"]
[Source "ChessBase"]
[SourceDate "2019.05.31"]
[SourceVersion "1"]
[SourceVersionDate "2019.05.31"]
[SourceQuality "1"]

1. d4 Nf6 2. c4 b6 3. Nc3 Bb7 4. Qc2 d5 5. cxd5 Nxd5 6. e4 Nxc3 7. bxc3 e5 8. Nf3 exd4 9. Bb5+ c6 10. Bc4 b5 11. Be2 dxc3 12. Qxc3 Nd7 13. 0-0 b4 14. Qb3 Be7 15. Rd1 Qc7 16. Bg5 Bxg5 17. Nxg5 0-0 18. Qxb4 c5 19. Rac1 h6 20. Nf3 Rac8 21. Qb1 Nb6 22. Nd2 Rfd8 23. Nc4 Rd4 24. f3 Nxc4 25. Rxd4 cxd4 26. Rxc4 Qf4 27. Rxc8+ Bxc8 28. Qd3 Qd6 29. Kf2 Be6 30. a3 a5 31. h4 a4 32. Bd1 Bd7 33. Qc4 Qb6 34. Bxa4 d3+ 35. Kf1 Bxa4 36. Qxa4 Qb1+ 0-1

[Event "La Roda op 46th"]
[Site "La Roda"]
[Date "2019.04.17"]
[Round "1"]
[White "Castro Santimoteo, Raul"]
[Black "Pilgaard, Kim"]
[Result "0-1"]
[WhiteElo "1924"]
[BlackElo "2418"]
[PlyCount "86"]
[EventDate "2019.04.17"]
[EventType "swiss"]
[EventRounds "9"]
[EventCountry "ESP"]
[SourceTitle "CBM 189 Extra"]
[Source "ChessBase"]
[SourceDate "2019.05.31"]
[SourceVersion "1"]
[SourceVersionDate "2019.05.31"]
[SourceQuality "1"]

1. Nf3 d5 2. c4 d4 3. g3 c5 4. Bg2 Nc6 5. 0-0 e5 6. d3 Bd6 7. a3 Nf6 8. e3 a5 9. exd4 cxd4 10. Bg5 h6 11. Bd2 0-0 12. Re1 Bf5 13. Qc2 Bh7 14. c5 Bc7 15. a4 Nd5 16. Qc4 Ndb4 17. Bxb4 Nxb4 18. Bf1 Qf6 19. Nfd2 Qa6 20. Na3 Bxd3 21. Bxd3 Nxd3 22. Qxa6 Rxa6 23. Re2 Nxc5 24. Nb5 Bb8 25. b3 Rc6 26. Rc1 Rfc8 27. Rc4 f6 28. f4 d3 29. Re3 Nxb3 30. Rxc6 bxc6 31. Nxb3 cxb5 32. Rxd3 bxa4 33. Nxa5 exf4 34. gxf4 Bxf4 35. Ra3 Rc1+ 36. Kg2 Rc2+ 37. Kf3 Bxh2 38. Rxa4 Bc7 39. Nc4 Rc3+ 40. Ke4 Kh7 41. Ne3 Rc5 42. Nd5 Bg3 43. Ra7 f5+ 0-1

[Event "La Roda op 45th"]
[Site "La Roda"]
[Date "2018.04.01"]
[Round "8"]
[White "Lopez Mulet, Inigo"]
[Black "Pilgaard, Kim"]
[Result "1-0"]
[WhiteElo "2341"]
[BlackElo "2397"]
[PlyCount "63"]
[EventDate "2018.03.28"]
[EventType "swiss"]
[EventRounds "9"]
[EventCountry "ESP"]
[SourceTitle "CBM 183 Extra"]
[Source "ChessBase"]
[SourceDate "2018.04.19"]
[SourceVersion "1"]
[SourceVersionDate "2018.04.19"]
[SourceQuality "1"]

1. d4 Nf6 2. c4 e6 3. g3 Bb4+ 4. Bd2 a5 5. Bg2 d6 6. e4 e5 7. Ne2 Nc6 8. d5 Ne7 9. Nbc3 c6 10. 0-0 0-0 11. h3 cxd5 12. cxd5 Bc5 13. Nc1 Bd7 14. Qe2 a4 15. Nd3 Bd4 16. Be3 Bxe3 17. Qxe3 Qa5 18. f4 exf4 19. gxf4 Rfc8 20. Rac1 a3 21. b4 Qa6 22. Kh2 Rc4 23. e5 Nf5 24. Qd2 Rd4 25. Rfd1 Nh5 26. Ne2 Rc4 27. Rxc4 Qxc4 28. Rc1 Qa6 29. Rc7 Rd8 30. e6 fxe6 31. dxe6 Bxe6 32. Nc5 1-0

[Event "DEN-chT 1516 54th"]
[Site "Denmark"]
[Date "2016.01.10"]
[Round "5.5"]
[White "Ziska, Helgi Dam"]
[Black "Pilgaard, Kim"]
[Result "1-0"]
[WhiteElo "2523"]
[BlackElo "2373"]
[PlyCount "59"]
[EventDate "2015.10.31"]
[EventType "team-tourn"]
[EventRounds "9"]
[EventCountry "DEN"]
[SourceTitle "CBM 170 Extra"]
[Source "ChessBase"]
[SourceDate "2016.02.25"]
[SourceVersion "1"]
[SourceVersionDate "2016.02.25"]
[SourceQuality "1"]
[WhiteTeam "Philidor"]
[BlackTeam "Bronshoj"]
[WhiteTeamCountry "DEN"]
[BlackTeamCountry "DEN"]

1. e4 e5 2. Nf3 Nc6 3. Bb5 a6 4. Ba4 Nf6 5. 0-0 Be7 6. d3 d6 7. c3 Bg4 8. Re1 Nd7 9. Be3 0-0 10. Nbd2 Nb6 11. Bb3 Na5 12. Bc2 c5 13. a3 Nc6 14. b4 Nd7 15. Bb3 Rc8 16. h3 Bh5 17. Nf1 Bg6 18. Bd5 Qc7 19. Rc1 Bf6 20. Ng3 Ne7 21. Ba2 Qc6 22. Nh2 b6 23. Bb3 Qb7 24. Qg4 d5 25. h4 c4 26. dxc4 Bxe4 27. Rcd1 Rfd8 28. cxd5 Bxd5 29. Bxd5 Nxd5 30. Qe4 1-0

[Event "EU-Cup 31st"]
[Site "Skopje"]
[Date "2015.10.22"]
[Round "5.2"]
[White "Pilgaard, Kim"]
[Black "Maenhout, Thibaut"]
[Result "0-1"]
[WhiteElo "2373"]
[BlackElo "2374"]
[PlyCount "64"]
[EventDate "2015.10.18"]
[EventType "team-swiss"]
[EventRounds "7"]
[EventCountry "MKD"]
[SourceTitle "CBM 169"]
[Source "ChessBase"]
[SourceDate "2015.11.10"]
[SourceVersion "1"]
[SourceVersionDate "2015.11.10"]
[SourceQuality "1"]
[WhiteTeam "Bronshoj"]
[BlackTeam "Bruges"]
[WhiteTeamCountry "DEN"]
[BlackTeamCountry "BEL"]

1. e4 c5 2. Nf3 d6 3. d4 cxd4 4. Nxd4 Nf6 5. Nc3 a6 6. Be3 e5 7. Nf3 Qc7 8. a4 Be7 9. a5 Be6 10. Be2 Qc6 11. Ng5 0-0 12. 0-0 Nbd7 13. Qd2 h6 14. Nxe6 fxe6 15. f3 d5 16. exd5 exd5 17. Na4 d4 18. Bf2 Nd5 19. c3 Bg5 20. Qc2 Kh8 21. Rfe1 Ne3 22. Qd3 Rae8 23. cxd4 exd4 24. Bd1 Qd6 25. Qa3 Qg6 26. g3 Ne5 27. Bxe3 Nxf3+ 28. Bxf3 Rxf3 29. Bxd4 Rxa3 30. bxa3 Re4 31. Rad1 Qe8 32. Rxe4 Qxe4 0-1

[Event "EU-Cup 31st"]
[Site "Skopje"]
[Date "2015.10.20"]
[Round "3.2"]
[White "Pilgaard, Kim"]
[Black "Hamitevici, Vladimir"]
[Result "1-0"]
[WhiteElo "2373"]
[BlackElo "2439"]
[PlyCount "71"]
[EventDate "2015.10.18"]
[EventType "team-swiss"]
[EventRounds "7"]
[EventCountry "MKD"]
[SourceTitle "CBM 169"]
[Source "ChessBase"]
[SourceDate "2015.11.10"]
[SourceVersion "1"]
[SourceVersionDate "2015.11.10"]
[SourceQuality "1"]
[WhiteTeam "Bronshoj"]
[BlackTeam "Cheddleton"]
[WhiteTeamCountry "DEN"]
[BlackTeamCountry "ENG"]

1. d4 Nf6 2. c4 c5 3. d5 b5 4. cxb5 a6 5. f3 g6 6. e4 Bg7 7. Na3 0-0 8. Ne2 e6 9. Nc3 Bb7 10. Be2 exd5 11. exd5 Nh5 12. 0-0 Re8 13. Nc2 Qb6 14. a4 c4+ 15. Kh1 axb5 16. Nxb5 Qc5 17. d6 Na6 18. Ra3 Nb4 19. Nxb4 Qxb4 20. Nc7 Bxb2 21. Ra2 c3 22. Bb5 Qh4 23. Nxe8 Ng3+ 24. Kg1 c2 25. Qe1 Bd4+ 26. Rf2 Ne4 27. fxe4 Rxe8 28. Raxc2 Rxe4 29. Rce2 Rg4 30. Re8+ Kg7 31. Bf1 Qh3 32. Be3 Bf6 33. Qd2 Bc6 34. Rxf6 Kxf6 35. Qc3+ Kf5 36. Qe5# 1-0

[Event "La Roda op 42nd"]
[Site "La Roda"]
[Date "2015.04.03"]
[Round "5"]
[White "Dias, Ivo Rodrigues"]
[Black "Pilgaard, Kim"]
[Result "1-0"]
[WhiteElo "2151"]
[BlackElo "2396"]
[PlyCount "107"]
[EventDate "2015.04.01"]
[EventType "swiss"]
[EventRounds "9"]
[EventCountry "ESP"]
[SourceTitle "CBM 165 Extra"]
[Source "ChessBase"]
[SourceDate "2015.04.21"]
[SourceVersion "1"]
[SourceVersionDate "2015.04.21"]
[SourceQuality "1"]

1. e4 c5 2. c3 Nf6 3. e5 Nd5 4. Nf3 e6 5. d4 cxd4 6. cxd4 d6 7. Bd3 Nc6 8. 0-0 Ndb4 9. Bg5 Qa5 10. Na3 Nxd3 11. Nc4 Qd5 12. Qxd3 dxe5 13. Ne3 Qd7 14. d5 f6 15. Bh4 Nb4 16. Qb3 Nxd5 17. Rfd1 Be7 18. Nxd5 exd5 19. Rxd5 Qc7 20. Re1 Be6 21. Nxe5 fxe5 22. Bxe7 Qc6 23. Rexe5 Kxe7 24. Qb4+ Kf7 25. Rd6 Qc1+ 26. Re1 Qc8 27. Rdxe6 Qxe6 28. Qxb7+ Kf6 29. Rxe6+ Kxe6 30. Qxg7 h5 31. h4 a5 32. b3 a4 33. bxa4 Rag8 34. Qc7 Kf5 35. a5 Ra8 36. a6 Kg6 37. a7 Rhg8 38. Qd6+ Kh7 39. Qe7+ Kh6 40. Qf6+ Kh7 41. Qf7+ Kh6 42. g3 Raf8 43. Qe6+ Kh7 44. Kg2 Re8 45. Qf7+ Kh6 46. f3 Re2+ 47. Kh3 Ree8 48. Qf4+ Kh7 49. Qf5+ Kh6 50. g4 hxg4+ 51. fxg4 Re3+ 52. Kg2 Re2+ 53. Kf3 Ree8 54. g5+ 1-0

[Event "DEN-chT 1415 53rd"]
[Site "Denmark"]
[Date "2015.03.07"]
[Round "8.4"]
[White "Pedersen, Steffen"]
[Black "Pilgaard, Kim"]
[Result "1/2-1/2"]
[WhiteElo "2417"]
[BlackElo "2400"]
[PlyCount "65"]
[EventDate "2014.10.25"]
[EventType "team-tourn"]
[EventRounds "9"]
[EventCountry "DEN"]
[SourceTitle "EXT 2016"]
[Source "ChessBase"]
[SourceDate "2015.10.08"]
[SourceVersion "1"]
[SourceVersionDate "2015.10.08"]
[SourceQuality "1"]
[WhiteTeam "Skanderborg Nordea"]
[BlackTeam "Bronshoj"]
[WhiteTeamCountry "DEN"]
[BlackTeamCountry "DEN"]

1. d4 d5 2. c4 dxc4 3. Nf3 a6 4. e3 Bg4 5. Bxc4 e6 6. h3 Bh5 7. Be2 Nf6 8. Nc3 Nc6 9. 0-0 Bd6 10. b3 0-0 11. Bb2 h6 12. Re1 Bg6 13. Bd3 Bxd3 14. Qxd3 e5 15. d5 Nb4 16. Qb1 c6 17. dxc6 Nxc6 18. Ne4 Nxe4 19. Qxe4 Qf6 20. Red1 Rfe8 21. Rd5 Rad8 22. Rad1 Qe6 23. R5d2 Bc7 24. Rxd8 Rxd8 25. Rxd8+ Nxd8 26. Qc2 Nc6 27. Nd2 Qd5 28. e4 Qd7 29. Bc3 b5 30. Nf3 Qd6 31. Qd2 Qxd2 32. Bxd2 Bb6 33. Kf1 1/2-1/2

[Event "DEN-chT 1415 53rd"]
[Site "Denmark"]
[Date "2015.01.11"]
[Round "5.4"]
[White "Pilgaard, Kim"]
[Black "Larsen, Karsten"]
[Result "1-0"]
[WhiteElo "2400"]
[BlackElo "2247"]
[PlyCount "63"]
[EventDate "2014.10.25"]
[EventType "team-tourn"]
[EventRounds "9"]
[EventCountry "DEN"]
[SourceTitle "EXT 2016"]
[Source "ChessBase"]
[SourceDate "2015.10.08"]
[SourceVersion "1"]
[SourceVersionDate "2015.10.08"]
[SourceQuality "1"]
[WhiteTeam "Bronshoj"]
[BlackTeam "Obro"]
[WhiteTeamCountry "DEN"]
[BlackTeamCountry "DEN"]

1. d4 d5 2. c4 e6 3. Nc3 Nf6 4. cxd5 exd5 5. Bg5 Be7 6. e3 0-0 7. Bd3 c6 8. Qc2 Nbd7 9. Nge2 Re8 10. 0-0 Nf8 11. f3 Be6 12. Rad1 Rc8 13. Kh1 Rc7 14. a3 Ng6 15. Nf4 Bc8 16. Rc1 Bd6 17. Nxg6 hxg6 18. e4 dxe4 19. fxe4 Be7 20. Bf4 Rd7 21. e5 Nd5 22. e6 fxe6 23. Nxd5 exd5 24. Bxg6 Rf8 25. Qe2 Rf6 26. Qh5 Rxg6 27. Qxg6 Bf6 28. Rce1 Re7 29. Bg5 Bxg5 30. Qxg5 Re8 31. Qxd8 Rxd8 32. Re7 1-0

[Event "DEN-chT 1415 53rd"]
[Site "Denmark"]
[Date "2015.01.10"]
[Round "4.4"]
[White "Kristensen, Kaare Hove"]
[Black "Pilgaard, Kim"]
[Result "1-0"]
[WhiteElo "2335"]
[BlackElo "2400"]
[PlyCount "45"]
[EventDate "2014.10.25"]
[EventType "team-tourn"]
[EventRounds "9"]
[EventCountry "DEN"]
[SourceTitle "EXT 2016"]
[Source "ChessBase"]
[SourceDate "2015.10.08"]
[SourceVersion "1"]
[SourceVersionDate "2015.10.08"]
[SourceQuality "1"]
[WhiteTeam "Nordkalotten"]
[BlackTeam "Bronshoj"]
[WhiteTeamCountry "DEN"]
[BlackTeamCountry "DEN"]

1. Nf3 c5 2. c4 Nf6 3. Nc3 e6 4. e3 d5 5. d4 cxd4 6. exd4 Be7 7. c5 0-0 8. Qc2 b6 9. b4 a5 10. Na4 Nfd7 11. b5 bxc5 12. dxc5 Qc7 13. Ba3 Ne5 14. Nd4 Nec6 15. Nxc6 Nxc6 16. Bb2 Nb4 17. Qd2 d4 18. a3 Qe5+ 19. Be2 Nd5 20. Bxd4 Qe4 21. 0-0 Rd8 22. Bf3 Qg6 23. c6 1-0

[Event "DEN-chT 1415 53rd"]
[Site "Denmark"]
[Date "2014.10.26"]
[Round "2.2"]
[White "Pilgaard, Kim"]
[Black "Borge, Nikolaj"]
[Result "1/2-1/2"]
[WhiteElo "2400"]
[BlackElo "2383"]
[PlyCount "135"]
[EventDate "2014.10.25"]
[EventType "team-tourn"]
[EventRounds "9"]
[EventCountry "DEN"]
[SourceTitle "EXT 2016"]
[Source "ChessBase"]
[SourceDate "2015.10.08"]
[SourceVersion "1"]
[SourceVersionDate "2015.10.08"]
[SourceQuality "1"]
[WhiteTeam "Bronshoj"]
[BlackTeam "Hillerod"]
[WhiteTeamCountry "DEN"]
[BlackTeamCountry "DEN"]

1. d4 d6 2. e4 Nf6 3. Nc3 e5 4. dxe5 dxe5 5. Qxd8+ Kxd8 6. Bg5 c6 7. 0-0-0+ Kc7 8. Bc4 Be6 9. Bxe6 fxe6 10. f3 Nbd7 11. Nh3 h6 12. Bd2 Bc5 13. Na4 Be7 14. Nf2 b5 15. Nc3 Nh7 16. Ng4 Nhf8 17. Kb1 h5 18. Nf2 Ng6 19. Ne2 Nh4 20. Ba5+ Kc8 21. Nd3 c5 22. Bc3 Bd6 23. Ndf4 Be7 24. Nxe6 Rh6 25. Nxg7 Rg6 26. Nxh5 Rxg2 27. Ng1 Kc7 28. f4 Rh8 29. Ng3 Ng6 30. fxe5 Rxg3 31. Rxd7+ Kxd7 32. e6+ Kxe6 33. Bxh8 Re3 34. Bc3 Rxe4 35. Nf3 Nh4 36. Nxh4 Bxh4 37. a3 b4 38. axb4 cxb4 39. Bd2 a5 40. b3 Re2 41. Kc1 Rg2 42. Kd1 Kd5 43. h3 Ke4 44. Rf1 Bf2 45. Rh1 Bh4 46. Be1 Bxe1 47. Rxe1+ Kd4 48. Kc1 Rh2 49. Rd1+ Kc5 50. Rd3 Kb6 51. Rd6+ Kb7 52. Rh6 Ka7 53. Rh8 Kb7 54. h4 Ka7 55. h5 Kb7 56. h6 Ka7 57. Kd1 Kb7 58. h7 Ka7 59. Ke1 Kb7 60. Kf1 Ka7 61. Kg1 Rh3 62. Kg2 Rh5 63. Kf3 Rh1 64. Ke4 Rh5 65. Kd4 Kb7 66. c4 bxc3 67. Kxc3 Rh4 68. Kb2 1/2-1/2